[Event "Minsk ODM Team Cup U16"]
[Site "Minsk"]
[Date "2021.??.??"]
[Round "6.4"]
[White "Kirpichou, Ivan"]
[Black "Sharou, Filip"]
[Result "0-1"]
[WhiteElo "1818"]
[BlackElo "1314"]
[PlyCount "110"]
[EventDate "2021.03.01"]
[EventType "team-tourn"]
[EventRounds "7"]
[EventCountry "BLR"]
[SourceTitle "EXT 2022"]
[Source "ChessBase"]
[SourceDate "2021.10.06"]
[SourceVersion "1"]
[SourceVersionDate "2021.10.06"]
[SourceQuality "1"]
[WhiteTeam "Brest Region"]
[BlackTeam "Grodnensk Region"]
[WhiteTeamCountry "BLR"]
[BlackTeamCountry "BLR"]

1. e4 c5 2. Nf3 e6 3. d4 cxd4 4. Nxd4 a6 5. Bd3 Qc7 6. 0-0 Nf6 7. Nd2 Be7 8. c3 b6 9. Qe2 d6 10. a4 Bb7 11. f4 Nbd7 12. Re1 Nc5 13. Bc2 d5 14. e5 Nfe4 15. Qg4 g6 16. Qf3 h5 17. b4 Nxd2 18. Bxd2 Ne4 19. Rad1 Rc8 20. Re3 Bh4 21. g3 Be7 22. Qe2 Qd7 23. Be1 Qc7 24. Rc1 0-0 25. g4 h4 26. g5 Kg7 27. Qg4 Qd7 28. Rd1 Qc7 29. Rdd3 Rh8 30. Rh3 Rh7 31. Rxh4 Rxh4 32. Qxh4 Rh8 33. Qg4 Qc8 34. h4 Qc4 35. Qf3 a5 36. Bb3 Qc7 37. Nb5 Qc6 38. Nd4 Qc7 39. Qd1 Ba6 40. b5 Bb7 41. Qc2 Qc5 42. Kf1 Qa3 43. Rh3 Rh5 44. Qd3 Qc1 45. Bd1 Rh8 46. h5 Qxf4+ 47. Rf3 Qxg5 48. hxg6 Qxg6 49. Bg3 Kf8 50. Kg2 Rg8 51. Qe3 Bh4 52. Ne2 Nxg3 53. Nxg3 d4 54. cxd4 Qxg3+ 55. Kf1 Qg2# 0-1